Learning CADKEY / (Record no. 465)
[ view plain ]
| 000 -LEADER | |
|---|---|
| fixed length control field | 00854cam a2200277 a 4500 |
| 003 - CONTROL NUMBER IDENTIFIER | |
| control field | BD-DhBUF |
| 005 - DATE AND TIME OF LATEST TRANSACTION | |
| control field | 20190108153132.0 |
| 008 - FIXED-LENGTH DATA ELEMENTS--GENERAL INFORMATION | |
| fixed length control field | 910906s1991 nyua 001 0 eng |
| 010 ## - LIBRARY OF CONGRESS CONTROL NUMBER | |
| LC control number | 91192739 |
| 020 ## - INTERNATIONAL STANDARD BOOK NUMBER | |
| International Standard Book Number | 0070447918 |
| 040 ## - CATALOGING SOURCE | |
| Original cataloging agency | DLC |
| Transcribing agency | DLC |
| Modifying agency | BD-DhBUF |
| 050 00 - LIBRARY OF CONGRESS CALL NUMBER | |
| Classification number | T385 |
| Item number | .M382 1991 |
| 082 00 - DEWEY DECIMAL CLASSIFICATION NUMBER | |
| Classification number | 620/.0042/02855369 |
| Edition number | 20 |
| 100 1# - MAIN ENTRY--PERSONAL NAME | |
| Personal name | McGinnis, Richard G. |
| 9 (RLIN) | 481 |
| 245 10 - TITLE STATEMENT | |
| Title | Learning CADKEY / |
| Statement of responsibility, etc. | Richard G. McGinnis and Richard G. McGinnis Jr. |
| 260 ## - PUBLICATION, DISTRIBUTION, ETC. | |
| Place of publication, distribution, etc. | New York, N.Y. : |
| Name of publisher, distributor, etc. | McGraw Hill, |
| Date of publication, distribution, etc. | [c1991]. |
| 300 ## - PHYSICAL DESCRIPTION | |
| Extent | xvi, 266 p. : |
| Other physical details | ill. ; |
| Dimensions | 28 cm. |
| 500 ## - GENERAL NOTE | |
| General note | Cover title. |
| 500 ## - GENERAL NOTE | |
| General note | "Written for CADKEY 4 and CADKEY LIGHT"-Cover. |
| 500 ## - GENERAL NOTE | |
| General note | Includes index. |
| 630 00 - SUBJECT ADDED ENTRY--UNIFORM TITLE | |
| Uniform title | CADKey. |
| 9 (RLIN) | 482 |
| 650 #0 - SUBJECT ADDED ENTRY--TOPICAL TERM | |
| Topical term or geographic name entry element | Computer graphics. |
| 9 (RLIN) | 483 |
| 650 #0 - SUBJECT ADDED ENTRY--TOPICAL TERM | |
| Topical term or geographic name entry element | Computer-aided design. |
| 9 (RLIN) | 484 |
| 700 1# - ADDED ENTRY--PERSONAL NAME | |
| Personal name | McGinnis, Richard G., |
| Titles and other words associated with a name | Jr. |
| 9 (RLIN) | 485 |
| 942 ## - ADDED ENTRY ELEMENTS (KOHA) | |
| Source of classification or shelving scheme | Dewey Decimal Classification |
| Koha item type | Books |
| Withdrawn status | Lost status | Source of classification or shelving scheme | Damaged status | Not for loan | Collection code | Home library | Current library | Shelving location | Date acquired | Total Checkouts | Full call number | Barcode | Date last seen | Copy number | Price effective from | Koha item type |
|---|---|---|---|---|---|---|---|---|---|---|---|---|---|---|---|---|
| Dewey Decimal Classification | Non-fiction | BUFT Library | BUFT Library | General Stacks | 06/14/2001 | 620.0042 M4788l 1991 | 2001-0104 | 01/08/2019 | C-1 | 01/08/2019 | Books | |||||
| Dewey Decimal Classification | Non-fiction | BUFT Library | BUFT Library | General Stacks | 06/14/2001 | 620.0042 M4788l 1991 | 2001-0105 | 01/08/2019 | C-2 | 01/08/2019 | Books | |||||
| Dewey Decimal Classification | Non-fiction | BUFT Library | BUFT Library | General Stacks | 06/14/2001 | 620.0042 M4788l 1991 | 2001-0106 | 01/08/2019 | C-3 | 01/08/2019 | Books |
